Quality Control <A> Practical Approach
Salvato in:
| Autore principale: | |
|---|---|
| Natura: | Libro |
| Lingua: | inglese |
| Pubblicazione: |
Englewood Cliffs
Prentice-Hall
1979
|
| Edizione: | 1. ed. |
| Soggetti: | |
| Tags: |
Nessun Tag, puoi essere il primo ad aggiungerne!!
|
MARC
| LEADER | 00000nam a2200000 4500 | ||
|---|---|---|---|
| 001 | c004802 | ||
| 005 | 20221207074105.5 | ||
| 020 | |a 0-13-745232-2 | ||
| 041 | 0 | |a eng | |
| 044 | |a US | ||
| 245 | 1 | 0 | |a Quality Control |b <A> Practical Approach |c Dale H. Besterfield |
| 250 | |a 1. ed. | ||
| 264 | 1 | |a Englewood Cliffs |b Prentice-Hall |c 1979 | |
| 300 | |a 309 s. | ||
| 610 | 2 | 0 | |a kontrola kvality |
| 610 | 2 | 0 | |a kvalita |
| 610 | 2 | 0 | |a štatistika |
| 610 | 2 | 0 | |a pravdepodobnosť |
| 610 | 2 | 0 | |a náklady |
| 610 | 2 | 0 | |a využitie počítačov |
| 610 | 2 | 0 | |a spoľahlivosť výrobkov |
| 100 | 1 | |a Besterfield, Dale H. | |